<A> Multi-Grid Algorithm for Mixed Problems with Penalty Dissertation

Gespeichert in:
Bibliographische Detailangaben
1. Verfasser: Ziping, Huang
Format: Buch
Sprache:Englisch
Veröffentlicht: Bochum Ruhr-Universität 1988
Ausgabe:1. ed.
Tags: Tag hinzufügen
Keine Tags, Fügen Sie das erste Tag hinzu!

MARC

LEADER 00000nam a2200000 4500
001 c033253
005 20221219120258.1
041 0 |a eng 
044 |a DE 
245 1 0 |a <A> Multi-Grid Algorithm for Mixed Problems with Penalty  |b Dissertation  |c Huang Ziping 
250 |a 1. ed. 
264 1 |a Bochum  |b Ruhr-Universität  |c 1988 
300 |a 30 s. 
100 1 |a Ziping, Huang